[Event "Campeonato España Sub 18"]
[Site "Salobreña"]
[Date "2017.08.01"]
[Round "3"]
[White "Ortega Lopez, Mikel"]
[Black "Comellas Martos, Lidia"]
[Result "1/2-1/2"]
[Board "21"]
[WhiteClock "n/a"]
[WhiteTitle "FM"]
[WhiteElo "2259"]
[WhiteCountry "ESP"]
[WhiteFideId "22252878"]
[WhiteEloChange "-7"]
[BlackClock "n/a"]
[BlackElo "1987"]
[BlackCountry "ESP"]
[BlackFideId "32079460"]
[BlackEloChange "7"]

1. e4 {[%clk 1:30:30]} c6 {[%clk 1:30:30]} 2. Nc3 {[%clk 1:30:30]} d5 {[%clk
1:30:30]} 3. Nf3 {[%clk 1:30:30]} Bg4 {[%clk 1:30:30]} 4. h3 {[%clk 1:30:30]} Bh5
{[%clk 1:30:30]} 5. exd5 {[%clk 1:30:30]} cxd5 {[%clk 1:30:30]} 6. g4 {[%clk
1:30:30]} Bg6 {[%clk 1:30:30]} 7. Bb5+ {[%clk 1:30:30]} Nc6 {[%clk 1:30:30]} 8.
Ne5 {[%clk 1:30:30]} Rc8 {[%clk 1:30:30]} 9. d4 {[%clk 1:30:30]} e6 {[%clk
1:30:30]} 10. Qe2 {[%clk 1:30:30]} Bb4 {[%clk 1:30:30]} 11. h4 {[%clk 1:30:30]}
Ne7 {[%clk 1:30:30]} 12. h5 {[%clk 1:30:30]} Be4 {[%clk 1:30:30]} 13. f3 {[%clk
1:30:30]} O-O {[%clk 1:30:30]} 14. Bxc6 {[%clk 1:30:30]} Nxc6 {[%clk 1:30:30]}
15. Nxc6 {[%clk 1:30:30]} Rxc6 {[%clk 1:30:30]} 16. Be3 {[%clk 1:30:30]} Rxc3
{[%clk 1:30:30]} 17. bxc3 {[%clk 1:30:30]} Bxc3+ {[%clk 1:30:30]} 18. Kf2 {[%clk
1:30:30]} Bxa1 {[%clk 1:30:30]} 19. fxe4 {[%clk 1:30:30]} Qf6+ {[%clk 1:30:30]}
20. Qf3 {[%clk 1:30:30]} Bxd4 {[%clk 1:30:30]} 21. Qxf6 {[%clk 1:30:30]} Bxf6
{[%clk 1:30:30]} 22. exd5 {[%clk 1:30:30]} exd5 {[%clk 1:30:30]} 23. Rd1 {[%clk
1:30:30]} Rd8 {[%clk 1:30:30]} 24. Bxa7 {[%clk 1:30:30]} Ra8 {[%clk 1:30:30]} 25.
Be3 {[%clk 1:30:30]} Rxa2 {[%clk 1:30:30]} 26. g5 {[%clk 1:30:30]} Rxc2+ {[%clk
1:30:30]} 27. Kf3 {[%clk 1:30:30]} Be7 {[%clk 1:30:30]} 28. Rxd5 {[%clk 1:30:30]}
Kf8 {[%clk 1:30:30]} 29. Rd7 {[%clk 1:30:30]} Rc3 {[%clk 1:30:30]} 30. Ke4 {[%clk
1:30:30]} Rxe3+ {[%clk 1:30:30]} 31. Kxe3 {[%clk 1:30:30]} Bxg5+ {[%clk 1:30:30]}
32. Ke4 {[%clk 1:30:30]} g6 {[%clk 1:30:30]} 33. Rxb7 {[%clk 1:30:30]} Kg7 {[%clk
1:30:30]} 34. Ra7 {[%clk 1:30:30]} Bh6 {[%clk 1:30:30]} 35. Rb7 {[%clk 1:30:30]}
Kf6 {[%clk 1:30:30]} 36. Ra7 {[%clk 1:30:30]} Bf8 {[%clk 1:30:30]} 37. Rb7 {[%clk
1:30:30]} Ke6 {[%clk 1:30:30]} 38. Kf4 {[%clk 1:30:30]} Bh6+ {[%clk 1:30:30]} 39.
Ke4 {[%clk 1:30:30]} 1/2-1/2

[Event "Campeonato España Sub 18"]
[Site "Salobreña"]
[Date "2017.08.01"]
[Round "3"]
[White "Porta Tovar, Guillem"]
[Black "Ereza Vizcarra, Fernando"]
[Result "1-0"]
[Board "22"]
[WhiteClock "1:30"]
[WhiteElo "2202"]
[WhiteCountry "ESP"]
[WhiteFideId "32008341"]
[WhiteEloChange "4"]
[BlackClock "1:30"]
[BlackElo "1987"]
[BlackCountry "ESP"]
[BlackFideId "22268987"]
[BlackEloChange "-4"]

1. c4 {[%clk 1:30:00]} c6 {[%clk 1:28:00]} 2. Nc3 {[%clk 1:30:00]} d5 {[%clk
1:28:00]} 3. Nf3 {[%clk 1:21:00]} Nf6 {[%clk 1:26:00]} 4. d4 {[%clk 1:19:00]} g6
{[%clk 1:24:00]} 5. Bf4 {[%clk 1:15:00]} Bg7 {[%clk 1:24:00]} 6. e3 {[%clk
1:10:00]} O-O {[%clk 1:20:00]} 7. h3 {[%clk 1:11:00]} Ne4 {[%clk 1:10:00]} 8.
Nxe4 {[%clk 1:05:00]} dxe4 {[%clk 1:07:00]} 9. Nd2 {[%clk 1:04:00]} f5 {[%clk
1:07:00]} 10. c5 {[%clk 0:56:00]} Nd7 {[%clk 1:00:00]} 11. Bc4+ {[%clk 0:45:00]}
Kh8 {[%clk 1:01:00]} 12. Bg5 {[%clk 0:46:00]} h6 {[%clk 0:56:00]} 13. h4 {[%clk
0:46:00]} Qe8 {[%clk 0:54:00]} 14. h5 {[%clk 0:43:00]} Nf6 {[%clk 0:48:00]} 15.
Bxf6 {[%clk 0:40:00]} Bxf6 {[%clk 0:45:00]} 16. hxg6 {[%clk 0:40:00]} Qxg6 {[%clk
0:46:00]} 17. Qh5 {[%clk 0:39:00]} Qxh5 {[%clk 0:46:00]} 18. Rxh5 {[%clk
0:39:00]} Kg7 {[%clk 0:46:00]} 19. O-O-O {[%clk 0:39:00]} f4 {[%clk 0:36:00]} 20.
Rdh1 {[%clk 0:31:00]} fxe3 {[%clk 0:34:00]} 21. Nxe4 {[%clk 0:31:00]} Bxd4 {[%clk
0:32:00]} 22. Rxh6 {[%clk 0:28:00]} Bf5 {[%clk 0:30:00]} 23. f3 {[%clk 0:26:00]}
Rad8 {[%clk 0:25:00]} 24. R6h5 {[%clk 0:22:00]} Bg6 {[%clk 0:22:00]} 25. R5h4
{[%clk 0:22:00]} Bxe4 {[%clk 0:18:48]} 26. Rxe4 {[%clk 0:22:00]} Bxc5 {[%clk
0:19:14]} 27. Rg4+ {[%clk 0:22:00]} Kf6 {[%clk 0:19:27]} 28. Rh6+ {[%clk
0:22:00]} Ke5 {[%clk 0:19:55]} 29. Re4+ {[%clk 0:22:00]} Kf5 {[%clk 0:20:00]} 30.
Rh5+ {[%clk 0:22:00]} 1-0

[Event "Campeonato España Sub 18"]
[Site "Salobreña"]
[Date "2017.08.01"]
[Round "3"]
[White "Rodriguez Mellado, Antonio"]
[Black "Gomez Sanjuan, Hector Fernando"]
[Result "1-0"]
[Board "23"]
[WhiteClock "1:30"]
[WhiteElo "1997"]
[WhiteCountry "ESP"]
[WhiteFideId "22243038"]
[WhiteEloChange "15"]
[BlackClock "1:30"]
[BlackElo "2189"]
[BlackCountry "ESP"]
[BlackFideId "22274960"]
[BlackEloChange "-15"]

1. e4 {[%clk 1:30:00]} e6 {[%clk 1:30:00]} 2. d4 {[%clk 1:30:00]} d5 {[%clk
1:31:00]} 3. Nd2 {[%clk 1:30:00]} h6 {[%clk 1:31:00]} 4. Ngf3 {[%clk 1:30:00]}
Nf6 {[%clk 1:31:00]} 5. e5 {[%clk 1:30:00]} Nfd7 {[%clk 1:31:00]} 6. Bd3 {[%clk
1:30:00]} c5 {[%clk 1:31:00]} 7. c3 {[%clk 1:31:00]} Nc6 {[%clk 1:31:00]} 8. Bc2
{[%clk 1:28:00]} cxd4 {[%clk 1:27:00]} 9. cxd4 {[%clk 1:28:00]} g5 {[%clk
1:26:00]} 10. h3 {[%clk 1:27:00]} Be7 {[%clk 1:21:00]} 11. a3 {[%clk 1:25:00]}
Qb6 {[%clk 1:16:00]} 12. Nf1 {[%clk 1:20:00]} Rg8 {[%clk 1:08:00]} 13. g4 {[%clk
1:15:00]} f6 {[%clk 1:07:00]} 14. exf6 {[%clk 1:00:00]} Bxf6 {[%clk 1:06:00]} 15.
Be3 {[%clk 0:26:00]} Qxb2 {[%clk 1:05:00]} 16. Ng3 {[%clk 0:24:00]} Qb6 {[%clk
0:51:00]} 17. O-O {[%clk 0:24:00]} Qc7 {[%clk 0:51:00]} 18. Nh5 {[%clk 0:22:00]}
Be7 {[%clk 0:50:00]} 19. Bh7 {[%clk 0:20:00]} Rh8 {[%clk 0:46:00]} 20. Bg6+
{[%clk 0:15:07]} Kd8 {[%clk 0:44:00]} 21. Rc1 {[%clk 0:15:04]} Bxa3 {[%clk
0:43:00]} 22. Rc3 {[%clk 0:11:41]} Bb4 {[%clk 0:41:00]} 23. Rc2 {[%clk 0:05:19]}
Nf8 {[%clk 0:40:00]} 24. Ne5 {[%clk 0:04:29]} Nxg6 {[%clk 0:39:00]} 25. Nxg6
{[%clk 0:04:57]} Rg8 {[%clk 0:39:00]} 26. Ne5 {[%clk 0:05:20]} Bd6 {[%clk
0:38:00]} 27. f4 {[%clk 0:04:38]} Bxe5 {[%clk 0:34:00]} 28. fxe5 {[%clk 0:05:02]}
Bd7 {[%clk 0:24:00]} 29. Rf7 {[%clk 0:03:13]} Qb6 {[%clk 0:23:00]} 30. Rh7 {[%clk
0:02:01]} Nxe5 {[%clk 0:19:28]} 31. Qc1 {[%clk 0:00:38]} Nd3 {[%clk 0:15:51]} 32.
Nf6 {[%clk 0:00:52]} Bc6 {[%clk 0:13:04]} 33. Qa3 {[%clk 0:01:00]} Qb4 {[%clk
0:10:46]} 34. Qxd3 {[%clk 0:01:09]} Rf8 {[%clk 0:09:45]} 35. Qg6 {[%clk 0:00:34]}
Qe1+ {[%clk 0:09:44]} 36. Kg2 {[%clk 0:00:46]} Qxe3 {[%clk 0:09:40]} 37. Qg7
{[%clk 0:01:14]} Rxf6 {[%clk 0:08:20]} 38. Qe7+ {[%clk 0:01:14]} 1-0

[Event "Campeonato España Sub 18"]
[Site "Salobreña"]
[Date "2017.08.01"]
[Round "3"]
[White "Lagos Lejarraga, Jon"]
[Black "Munoz Avila, Jose Luis"]
[Result "1-0"]
[Board "24"]
[WhiteClock "1:30"]
[WhiteElo "1987"]
[WhiteCountry "ESP"]
[WhiteFideId "32065124"]
[WhiteEloChange "15"]
[BlackClock "1:30"]
[BlackElo "2176"]
[BlackCountry "ESP"]
[BlackFideId "32090692"]
[BlackEloChange "-15"]

1. e4 {[%clk 1:30:00]} d6 {[%clk 1:30:00]} 2. d4 {[%clk 1:31:00]} Nf6 {[%clk
1:30:00]} 3. f3 {[%clk 1:29:00]} Nbd7 {[%clk 1:30:00]} 4. Nc3 {[%clk 1:30:00]} e5
{[%clk 1:31:00]} 5. Nge2 {[%clk 1:30:00]} Be7 {[%clk 1:31:00]} 6. Be3 {[%clk
1:30:00]} c6 {[%clk 1:31:00]} 7. Qd2 {[%clk 1:30:00]} O-O {[%clk 1:30:00]} 8. g4
{[%clk 1:15:00]} h6 {[%clk 1:12:00]} 9. Ng3 {[%clk 1:02:00]} d5 {[%clk 1:09:00]}
10. exd5 {[%clk 0:57:00]} cxd5 {[%clk 1:08:00]} 11. O-O-O {[%clk 0:55:00]} exd4
{[%clk 0:41:00]} 12. Bxd4 {[%clk 0:55:00]} Nb6 {[%clk 0:41:00]} 13. Kb1 {[%clk
0:49:00]} Be6 {[%clk 0:33:00]} 14. h4 {[%clk 0:45:00]} Ne8 {[%clk 0:25:00]} 15.
g5 {[%clk 0:45:00]} hxg5 {[%clk 0:23:00]} 16. hxg5 {[%clk 0:46:00]} Bxg5 {[%clk
0:20:00]} 17. Qh2 {[%clk 0:41:00]} f6 {[%clk 0:18:45]} 18. Bd3 {[%clk 0:41:00]}
Bh6 {[%clk 0:09:33]} 19. Nf5 {[%clk 0:33:00]} Bxf5 {[%clk 0:03:31]} 20. Bxf5
{[%clk 0:33:00]} Nc7 {[%clk 0:02:57]} 21. Rdg1 {[%clk 0:33:00]} 1-0

[Event "Campeonato España Sub 18"]
[Site "Salobreña"]
[Date "2017.08.01"]
[Round "3"]
[White "Jimenez Ramallo, Francisco J"]
[Black "Villemur Tamarit, Juan"]
[Result "0-1"]
[Board "25"]
[WhiteClock "1:29"]
[WhiteElo "1984"]
[WhiteCountry "ESP"]
[WhiteFideId "32020384"]
[WhiteEloChange "-6"]
[BlackClock "1:30"]
[BlackElo "2146"]
[BlackCountry "ESP"]
[BlackFideId "22280332"]
[BlackEloChange "6"]

1. c4 {[%clk 1:29:00]} e6 {[%clk 1:30:00]} 2. Nf3 {[%clk 1:30:00]} Nf6 {[%clk
1:31:00]} 3. e3 {[%clk 1:28:00]} d5 {[%clk 1:31:00]} 4. d4 {[%clk 1:28:00]} Be7
{[%clk 1:31:00]} 5. b3 {[%clk 1:29:00]} b6 {[%clk 1:30:00]} 6. Bd3 {[%clk
1:29:00]} Bb7 {[%clk 1:30:00]} 7. O-O {[%clk 1:29:00]} Nbd7 {[%clk 1:29:00]} 8.
Bb2 {[%clk 1:30:00]} O-O {[%clk 1:30:00]} 9. Nc3 {[%clk 1:30:00]} Rc8 {[%clk
1:23:00]} 10. Qe2 {[%clk 1:28:00]} c5 {[%clk 1:16:00]} 11. cxd5 {[%clk 1:22:00]}
exd5 {[%clk 1:16:00]} 12. Bf5 {[%clk 1:19:00]} g6 {[%clk 1:14:00]} 13. Bh3 {[%clk
1:16:00]} Rb8 {[%clk 1:10:00]} 14. Rfd1 {[%clk 1:15:00]} a6 {[%clk 0:58:00]} 15.
Rd2 {[%clk 1:03:00]} cxd4 {[%clk 0:51:00]} 16. Rxd4 {[%clk 1:01:00]} Nc5 {[%clk
0:50:00]} 17. Rad1 {[%clk 1:00:00]} Ne6 {[%clk 0:49:00]} 18. R4d2 {[%clk
1:00:00]} Bb4 {[%clk 0:49:00]} 19. Nd4 {[%clk 0:54:00]} Qe7 {[%clk 0:47:00]} 20.
Nc2 {[%clk 0:52:00]} Bxc3 {[%clk 0:46:00]} 21. Bxc3 {[%clk 0:52:00]} Ne4 {[%clk
0:43:00]} 22. Bb4 {[%clk 0:50:00]} N6c5 {[%clk 0:44:00]} 23. Rd4 {[%clk 0:48:00]}
a5 {[%clk 0:44:00]} 24. Be1 {[%clk 0:48:00]} f5 {[%clk 0:43:00]} 25. g3 {[%clk
0:43:00]} Ne6 {[%clk 0:41:00]} 26. Ra4 {[%clk 0:40:00]} Bc6 {[%clk 0:41:00]} 27.
Ra3 {[%clk 0:40:00]} Nc7 {[%clk 0:34:00]} 28. b4 {[%clk 0:38:00]} Bb5 {[%clk
0:34:00]} 29. Qf3 {[%clk 0:38:00]} Ng5 {[%clk 0:35:00]} 30. Qg2 {[%clk 0:37:00]}
Be2 {[%clk 0:35:00]} 31. Rc1 {[%clk 0:36:00]} Nf3+ {[%clk 0:34:00]} 32. Kh1
{[%clk 0:36:00]} Nb5 {[%clk 0:31:00]} 33. Rb3 {[%clk 0:35:00]} a4 {[%clk
0:31:00]} 34. Rb2 {[%clk 0:35:00]} Rfc8 {[%clk 0:31:00]} 35. Rbb1 {[%clk
0:35:00]} Qe4 {[%clk 0:30:00]} 36. Nd4 {[%clk 0:34:00]} Nbxd4 {[%clk 0:29:00]}
37. exd4 {[%clk 0:34:00]} Rc4 {[%clk 0:29:00]} 0-1

[Event "Campeonato España Sub 18"]
[Site "Salobreña"]
[Date "2017.08.02"]
[Round "4"]
[White "Martin Carmona, Gaston Manuel"]
[Black "Perez Garcia, Alejandro"]
[Result "1/2-1/2"]
[Board "1"]
[WhiteClock "n/a"]
[WhiteElo "2205"]
[WhiteCountry "ESP"]
[WhiteFideId "22284567"]
[WhiteEloChange "4"]
[BlackClock "n/a"]
[BlackTitle "IM"]
[BlackElo "2358"]
[BlackCountry "ESP"]
[BlackFideId "32041543"]
[BlackEloChange "-4"]

1. e4 {[%clk 1:30:30]} c6 {[%clk 1:30:30]} 2. Nf3 {[%clk 1:30:30]} d5 {[%clk
1:30:30]} 3. Nc3 {[%clk 1:30:30]} Nf6 {[%clk 1:30:30]} 4. e5 {[%clk 1:30:30]} Ne4
{[%clk 1:30:30]} 5. Ne2 {[%clk 1:30:30]} Qb6 {[%clk 1:30:30]} 6. d4 {[%clk
1:30:30]} e6 {[%clk 1:30:30]} 7. Nfg1 {[%clk 1:30:30]} f6 {[%clk 1:30:30]} 8. f3
{[%clk 1:30:30]} Ng5 {[%clk 1:30:30]} 9. exf6 {[%clk 1:30:30]} gxf6 {[%clk
1:30:30]} 10. f4 {[%clk 1:30:30]} Ne4 {[%clk 1:30:30]} 11. Ng3 {[%clk 1:30:30]}
Bd7 {[%clk 1:30:30]} 12. Nxe4 {[%clk 1:30:30]} dxe4 {[%clk 1:30:30]} 13. c3
{[%clk 1:30:30]} c5 {[%clk 1:30:30]} 14. Qh5+ {[%clk 1:30:30]} Kd8 {[%clk
1:30:30]} 15. d5 {[%clk 1:30:30]} exd5 {[%clk 1:30:30]} 16. Qxd5 {[%clk 1:30:30]}
Kc7 {[%clk 1:30:30]} 17. f5 {[%clk 1:30:30]} Bd6 {[%clk 1:30:30]} 18. a4 {[%clk
1:30:30]} Re8 {[%clk 1:30:30]} 19. Ne2 {[%clk 1:30:30]} Re5 {[%clk 1:30:30]} 20.
Qg8 {[%clk 1:30:30]} Rxf5 {[%clk 1:30:30]} 21. a5 {[%clk 1:30:30]} Qc6 {[%clk
1:30:30]} 22. c4 {[%clk 1:30:30]} Be6 {[%clk 1:30:30]} 23. Qxh7+ {[%clk 1:30:30]}
Nd7 {[%clk 1:30:30]} 24. Nc3 {[%clk 1:30:30]} Rg8 {[%clk 1:30:30]} 25. Be3 {[%clk
1:30:30]} Kb8 {[%clk 1:30:30]} 26. O-O-O {[%clk 1:30:30]} Be5 {[%clk 1:30:30]}
27. Rd5 {[%clk 1:30:30]} a6 {[%clk 1:30:30]} 28. Rg1 {[%clk 1:30:30]} Qc7 {[%clk
1:30:30]} 29. Kc2 {[%clk 1:30:30]} Rxf1 {[%clk 1:30:30]} 30. Rxf1 {[%clk
1:30:30]} Rxg2+ {[%clk 1:30:30]} 31. Rf2 {[%clk 1:30:30]} Rxf2+ {[%clk 1:30:30]}
32. Bxf2 {[%clk 1:30:30]} Bxd5 {[%clk 1:30:30]} 33. Nxd5 {[%clk 1:30:30]} Qc6
{[%clk 1:30:30]} 34. b3 {[%clk 1:30:30]} Qe6 {[%clk 1:30:30]} 35. Qh8+ {[%clk
1:30:30]} Ka7 {[%clk 1:30:30]} 36. Bxc5+ {[%clk 1:30:30]} Nxc5 {[%clk 1:30:30]}
37. Nb6 {[%clk 1:30:30]} Bb8 {[%clk 1:30:30]} 38. Nc8+ {[%clk 1:30:30]} Ka8
{[%clk 1:30:30]} 39. Nb6+ {[%clk 1:30:30]} Ka7 {[%clk 1:30:30]} 40. Nc8+ {[%clk
1:30:30]} Ka8 {[%clk 1:30:30]} 41. Nb6+ {[%clk 1:30:30]} 1/2-1/2

[Event "Campeonato España Sub 18"]
[Site "Salobreña"]
[Date "2017.08.02"]
[Round "4"]
[White "Esquivias Quintero, Luis Manuel"]
[Black "Quispe Arteaga, Gabriel"]
[Result "1/2-1/2"]
[Board "2"]
[WhiteClock "1:30"]
[WhiteElo "2069"]
[WhiteCountry "ESP"]
[WhiteFideId "32018215"]
[WhiteEloChange "4"]
[BlackClock "1:30"]
[BlackTitle "FM"]
[BlackElo "2231"]
[BlackCountry "ESP"]
[BlackFideId "32059809"]
[BlackEloChange "-4"]

1. e4 {[%clk 1:30:00]} c5 {[%clk 1:29:00]} 2. Nf3 {[%clk 1:31:00]} Nc6 {[%clk
1:30:00]} 3. Bb5 {[%clk 1:31:00]} e6 {[%clk 1:30:00]} 4. O-O {[%clk 1:31:00]}
Nge7 {[%clk 1:30:00]} 5. Re1 {[%clk 1:31:00]} Nd4 {[%clk 1:29:00]} 6. Bf1 {[%clk
1:25:00]} Nxf3+ {[%clk 1:05:00]} 7. Qxf3 {[%clk 1:25:00]} Nc6 {[%clk 1:05:00]} 8.
c3 {[%clk 1:24:00]} Be7 {[%clk 1:05:00]} 9. Qg3 {[%clk 1:14:00]} O-O {[%clk
1:03:00]} 10. d3 {[%clk 0:58:00]} d6 {[%clk 0:50:00]} 11. a4 {[%clk 0:54:00]} f5
{[%clk 0:46:00]} 12. Bh6 {[%clk 0:40:00]} Rf7 {[%clk 0:46:00]} 13. exf5 {[%clk
0:23:00]} Bh4 {[%clk 0:45:00]} 14. Qe3 {[%clk 0:24:00]} gxh6 {[%clk 0:44:00]} 15.
g3 {[%clk 0:24:00]} Rxf5 {[%clk 0:26:00]} 16. gxh4 {[%clk 0:22:00]} Qxh4 {[%clk
0:26:00]} 17. Nd2 {[%clk 0:16:27]} Kh8 {[%clk 0:25:00]} 18. Bg2 {[%clk 0:15:17]}
Bd7 {[%clk 0:23:00]} 19. Ne4 {[%clk 0:14:18]} Rg8 {[%clk 0:18:24]} 20. Nxd6
{[%clk 0:12:11]} Rh5 {[%clk 0:10:01]} 21. h3 {[%clk 0:11:32]} Ne5 {[%clk
0:10:20]} 22. Qxe5+ {[%clk 0:09:35]} Rxe5 {[%clk 0:10:35]} 23. Nf7+ {[%clk
0:09:54]} Kg7 {[%clk 0:11:04]} 24. Nxe5 {[%clk 0:10:26]} Kf6 {[%clk 0:07:12]} 25.
Re3 {[%clk 0:07:32]} Ke7 {[%clk 0:07:00]} 26. Nxd7 {[%clk 0:05:57]} Kxd7 {[%clk
0:07:25]} 27. Rae1 {[%clk 0:05:51]} Rg6 {[%clk 0:07:48]} 28. d4 {[%clk 0:04:34]}
cxd4 {[%clk 0:07:12]} 29. Rd1 {[%clk 0:04:58]} Ke7 {[%clk 0:05:26]} 30. Rxd4
{[%clk 0:05:02]} Qg5 {[%clk 0:05:22]} 31. Rg4 {[%clk 0:05:13]} Qf5 {[%clk
0:05:33]} 32. Rxg6 {[%clk 0:03:43]} Qb1+ {[%clk 0:05:57]} 33. Kh2 {[%clk
0:04:00]} hxg6 {[%clk 0:06:25]} 34. b4 {[%clk 0:03:41]} Qc2 {[%clk 0:05:38]} 35.
Kg3 {[%clk 0:03:34]} Qxa4 {[%clk 0:05:25]} 36. Bxb7 {[%clk 0:03:23]} Qb5 {[%clk
0:05:40]} 37. Be4 {[%clk 0:03:17]} a5 {[%clk 0:04:55]} 38. bxa5 {[%clk 0:03:33]}
Qxa5 {[%clk 0:05:23]} 39. Kg2 {[%clk 0:03:51]} g5 {[%clk 0:05:41]} 40. Bf3 {[%clk
0:03:49]} Kf6 {[%clk 0:05:54]} 41. Bg4 {[%clk 0:03:52]} e5 {[%clk 0:06:17]} 42.
Bf3 {[%clk 0:03:50]} Qc5 {[%clk 0:06:43]} 43. Kh2 {[%clk 0:03:05]} Kg6 {[%clk
0:06:43]} 44. Be4+ {[%clk 0:03:24]} Kg7 {[%clk 0:07:04]} 45. Bf3 {[%clk 0:03:32]}
Qc4 {[%clk 0:07:31]} 46. Kg2 {[%clk 0:03:45]} Kf6 {[%clk 0:07:52]} 47. Bg4 {[%clk
0:03:41]} Kg6 {[%clk 0:08:14]} 48. Rxe5 {[%clk 0:03:16]} Qxc3 {[%clk 0:08:25]}
49. Re6+ {[%clk 0:03:29]} Kg7 {[%clk 0:08:51]} 50. Re3 {[%clk 0:03:55]} Qc6+
{[%clk 0:09:11]} 51. Kg1 {[%clk 0:03:23]} Qa4 {[%clk 0:08:20]} 52. Re7+ {[%clk
0:03:16]} Kf8 {[%clk 0:08:21]} 53. Re3 {[%clk 0:03:16]} Qb4 {[%clk 0:08:02]} 54.
Kg2 {[%clk 0:03:08]} Kg7 {[%clk 0:08:21]} 55. Rf3 {[%clk 0:02:24]} Kg6 {[%clk
0:07:43]} 56. Bf5+ {[%clk 0:02:27]} Kg7 {[%clk 0:07:34]} 57. Bg4 {[%clk 0:02:49]}
Qe4 {[%clk 0:08:00]} 58. Kg1 {[%clk 0:02:07]} Qe1+ {[%clk 0:08:00]} 59. Kg2
{[%clk 0:02:33]} Qe8 {[%clk 0:08:29]} 60. Rc3 {[%clk 0:02:02]} h5 {[%clk
0:08:20]} 61. Bf3 {[%clk 0:01:23]} Qf7 {[%clk 0:08:07]} 62. Rc5 {[%clk 0:01:15]}
Kf6 {[%clk 0:08:14]} 63. Rc3 {[%clk 0:00:38]} Ke5 {[%clk 0:08:31]} 64. Re3+
{[%clk 0:01:04]} Kf6 {[%clk 0:07:12]} 65. Be2 {[%clk 0:01:23]} Qb7+ {[%clk
0:06:30]} 66. Bf3 {[%clk 0:01:47]} Qf7 {[%clk 0:06:56]} 67. Be2 {[%clk 0:01:47]}
1/2-1/2

[Event "Campeonato España Sub 18"]
[Site "Salobreña"]
[Date "2017.08.02"]
[Round "4"]
[White "Santos Ruiz, Miguel"]
[Black "Centron Antuna, Daniel"]
[Result "1-0"]
[Board "3"]
[WhiteClock "1:30"]
[WhiteTitle "IM"]
[WhiteElo "2469"]
[WhiteCountry "ESP"]
[WhiteFideId "22291482"]
[WhiteEloChange "1"]
[BlackClock "1:30"]
[BlackElo "2112"]
[BlackCountry "ESP"]
[BlackFideId "22288694"]
[BlackEloChange "-2"]

1. e4 {[%clk 1:30:00]} c5 {[%clk 1:30:00]} 2. Nf3 {[%clk 1:31:00]} e6 {[%clk
1:30:00]} 3. d4 {[%clk 1:31:00]} cxd4 {[%clk 1:30:00]} 4. Nxd4 {[%clk 1:31:00]}
Nf6 {[%clk 1:31:00]} 5. Nc3 {[%clk 1:32:00]} Bb4 {[%clk 1:31:00]} 6. e5 {[%clk
1:32:00]} Nd5 {[%clk 1:31:00]} 7. Qg4 {[%clk 1:32:00]} O-O {[%clk 1:31:00]} 8.
Bh6 {[%clk 1:33:00]} g6 {[%clk 1:32:00]} 9. a3 {[%clk 1:33:00]} Bxc3+ {[%clk
1:14:00]} 10. bxc3 {[%clk 1:33:00]} Qa5 {[%clk 1:14:00]} 11. Qg3 {[%clk 1:25:00]}
Nc6 {[%clk 1:06:00]} 12. Nxc6 {[%clk 1:18:00]} bxc6 {[%clk 1:06:00]} 13. Bxf8
{[%clk 1:18:00]} Kxf8 {[%clk 1:07:00]} 14. Bc4 {[%clk 1:18:00]} Ba6 {[%clk
1:03:00]} 15. Bxa6 {[%clk 0:58:00]} Qxa6 {[%clk 1:04:00]} 16. Qd3 {[%clk
0:57:00]} Qxd3 {[%clk 1:01:00]} 17. cxd3 {[%clk 0:57:00]} Nxc3 {[%clk 1:02:00]}
18. Kd2 {[%clk 0:58:00]} Nd5 {[%clk 1:01:00]} 19. Rab1 {[%clk 0:58:00]} Nb6
{[%clk 1:00:00]} 20. Rb4 {[%clk 0:47:00]} Ke7 {[%clk 0:54:00]} 21. Rhb1 {[%clk
0:47:00]} Rc8 {[%clk 0:53:00]} 22. a4 {[%clk 0:44:00]} c5 {[%clk 0:41:00]} 23.
Rh4 {[%clk 0:42:00]} h5 {[%clk 0:41:00]} 24. a5 {[%clk 0:37:00]} Nd5 {[%clk
0:41:00]} 25. Rc4 {[%clk 0:36:00]} f6 {[%clk 0:36:00]} 26. exf6+ {[%clk 0:32:00]}
Nxf6 {[%clk 0:36:00]} 27. Rb7 {[%clk 0:32:00]} a6 {[%clk 0:35:00]} 28. Rb6 {[%clk
0:31:00]} d5 {[%clk 0:35:00]} 29. Rc1 {[%clk 0:31:00]} c4 {[%clk 0:33:00]} 30.
Re1 {[%clk 0:27:00]} Nd7 {[%clk 0:29:00]} 31. Rbxe6+ {[%clk 0:27:00]} Kf8 {[%clk
0:29:00]} 32. dxc4 {[%clk 0:27:00]} 1-0